[Event "Team men PL"]
[Site "Sochi"]
[Date "2020.11.23"]
[Round "5.15"]
[White "Rublevsky, Sergei"]
[Black "Paravyan, David"]
[Result "0-1"]
[BlackElo "2654"]
[WhiteElo "2653"]
[LiveChessVersion "1.4.8"]

1.e4 {[%clk 1:30:58]} c5 {[%clk 1:30:50]} 2.Nc3 {[%clk 1:31:23]}
Nc6 {[%clk 1:29:28]} 3.Nf3 {[%clk 1:31:38]} g6 {[%clk 1:28:41]}
4.d4 {[%clk 1:31:56]} cxd4 {[%clk 1:29:07]} 5.Nxd4 {[%clk 1:32:21]}
Bg7 {[%clk 1:29:32]} 6.Nb3 {[%clk 1:32:44]} Nf6 {[%clk 1:25:37]}
7.Be2 {[%clk 1:33:02]} O-O {[%clk 1:26:01]} 8.O-O {[%clk 1:33:17]}
d6 {[%clk 1:26:16]} 9.Re1 {[%clk 1:32:54]} a6 {[%clk 1:26:26]}
10.Bf1 {[%clk 1:31:59]} b5 {[%clk 1:26:21]} 11.Bg5 {[%clk 1:30:52]}
h6 {[%clk 1:20:05]} 12.Bh4 {[%clk 1:30:49]} Bb7 {[%clk 1:10:59]}
13.Nd5 {[%clk 1:19:48]} g5 {[%clk 1:09:54]} 14.Bg3 {[%clk 1:20:08]}
Nxd5 {[%clk 1:09:44]} 15.exd5 {[%clk 1:19:32]} Nb4 {[%clk 1:09:34]}
16.c4 {[%clk 1:00:27]} bxc4 {[%clk 1:04:28]} 17.Bxc4 {[%clk 1:00:51]}
Rc8 {[%clk 1:03:32]} 18.Qe2 {[%clk 1:00:07]} Nc2 {[%clk 0:28:45]}
19.Qxc2 {[%clk 0:57:56]} Bxd5 {[%clk 0:29:11]} 20.Nd2 {[%clk 0:46:51]}
Bxc4 {[%clk 0:29:36]} 21.Nxc4 {[%clk 0:47:16]} d5 {[%clk 0:30:02]}
22.Qa4 {[%clk 0:42:13]} Rxc4 {[%clk 0:23:07]} 23.Qxa6 {[%clk 0:42:33]}
e6 {[%clk 0:21:35]} 24.b3 {[%clk 0:41:31]} Rc2 {[%clk 0:16:12]}
25.Qd3 {[%clk 0:41:19]} Qc8 {[%clk 0:15:13]} 26.Be5 {[%clk 0:34:14]}
Qc5 {[%clk 0:14:27]} 27.Re2 {[%clk 0:26:56]} Rc1+ {[%clk 0:12:49]}
28.Re1 {[%clk 0:23:27]} Rxe1+ {[%clk 0:07:57]} 29.Rxe1 {[%clk 0:23:51]}
Bxe5 {[%clk 0:03:47]} 30.Rxe5 {[%clk 0:24:17]} Qc1+ {[%clk 0:04:14]}
31.Qf1 {[%clk 0:24:41]} Rc8 {[%clk 0:04:13]} 32.g3 {[%clk 0:21:50]}
d4 {[%clk 0:03:14]} 33.Re1 {[%clk 0:18:57]} Qc2 {[%clk 0:02:00]}
34.Qe2 {[%clk 0:13:24]} Qf5 {[%clk 0:00:32]} 35.Qe4 {[%clk 0:11:48]}
Qa5 {[%clk 0:00:58]} 36.Rd1 {[%clk 0:08:59]} Qxa2 {[%clk 0:01:18]}
37.Rxd4 {[%clk 0:07:26]} Qxb3 {[%clk 0:01:26]} 38.h4 {[%clk 0:07:39]}
Qb5 {[%clk 0:01:17]} 39.hxg5 {[%clk 0:05:51]} hxg5 {[%clk 0:01:43]}
40.Qd3 {[%clk 0:34:18]} Qe5 {[%clk 0:30:35]} 41.Rd8+ {[%clk 0:32:12]}
Rxd8 {[%clk 0:30:59]} 42.Qxd8+ {[%clk 0:32:38]} Kg7 {[%clk 0:31:26]}
43.Qe7 {[%clk 0:32:43]} Qf5 {[%clk 0:29:54]} 44.Qe8 {[%clk 0:27:15]}
Qb1+ {[%clk 0:29:43]} 45.Kg2 {[%clk 0:27:31]} Qe4+ {[%clk 0:29:54]}
46.Kg1 {[%clk 0:27:54]} Qf5 {[%clk 0:30:19]} 47.Kg2 {[%clk 0:27:19]}
Qd5+ {[%clk 0:30:06]} 48.Kg1 {[%clk 0:27:43]} e5 {[%clk 0:30:18]}
49.Qc8 {[%clk 0:23:44]} e4 {[%clk 0:29:19]} 50.Qc3+ {[%clk 0:23:56]}
Kg6 {[%clk 0:28:22]} 51.Qc8 {[%clk 0:22:24]} Kh7 {[%clk 0:24:09]}
52.Kh2 {[%clk 0:19:15]} Qe5 {[%clk 0:21:44]} 53.Kg2 {[%clk 0:19:07]}
e3 {[%clk 0:20:09]} 54.fxe3 {[%clk 0:19:07]} Qxe3 {[%clk 0:20:20]}
55.Qc2+ {[%clk 0:17:36]} Kh6 {[%clk 0:20:24]} 56.Qb2 {[%clk 0:16:45]}
Kg6 {[%clk 0:20:37]} 57.Qc2+ {[%clk 0:16:52]} f5 {[%clk 0:19:31]}
58.Qd1 {[%clk 0:14:51]} Qe6 {[%clk 0:18:15]} 59.Qd2 {[%clk 0:10:55]}
Kh5 {[%clk 0:17:02]} 60.Qd1+ {[%clk 0:09:14]} Kh6 {[%clk 0:17:27]}
61.Qd2 {[%clk 0:08:56]} Kg6 {[%clk 0:17:50]} 62.Kh2 {[%clk 0:08:41]}
Qb6 {[%clk 0:18:12]} 63.Kg2 {[%clk 0:07:50]} Qc6+ {[%clk 0:18:15]}
64.Kh2 {[%clk 0:08:12]} Qf3 {[%clk 0:17:29]} 65.Qe1 {[%clk 0:08:11]}
Kf7 {[%clk 0:14:18]} 66.Qd2 {[%clk 0:08:11]} Kg6 {[%clk 0:14:19]}
67.Qe1 {[%clk 0:08:28]} Qc6 {[%clk 0:13:52]} 68.Qd2 {[%clk 0:08:44]}
g4 {[%clk 0:13:48]} 69.Qd4 {[%clk 0:04:48]} Qe6 {[%clk 0:11:29]}
70.Qb2 {[%clk 0:04:34]} Qe3 {[%clk 0:10:46]} 71.Qc2 {[%clk 0:03:12]}
Qe4 {[%clk 0:11:07]} 72.Qd2 {[%clk 0:03:33]} Qe5 {[%clk 0:09:59]}
73.Qc2 {[%clk 0:03:35]} Kf6 {[%clk 0:10:21]} 74.Qc6+ {[%clk 0:03:57]}
Qe6 {[%clk 0:10:24]} 75.Qc3+ {[%clk 0:04:21]} Ke7 {[%clk 0:09:46]}
76.Qc7+ {[%clk 0:04:45]} Qd7 {[%clk 0:10:07]} 77.Qe5+ {[%clk 0:05:03]}
Kf7 {[%clk 0:10:29]} 78.Qb2 {[%clk 0:05:22]} Qd3 {[%clk 0:10:32]}
79.Qe5 {[%clk 0:04:45]} Qc2+ {[%clk 0:10:21]} 80.Kg1 {[%clk 0:05:05]}
Qe4 {[%clk 0:10:18]} 81.Qd6 {[%clk 0:04:34]} Qe7 {[%clk 0:09:52]}
82.Qb8 {[%clk 0:03:26]} Ke6 {[%clk 0:10:01]} 83.Qb3+ {[%clk 0:03:45]}
Kf6 {[%clk 0:10:14]} 84.Qb8 {[%clk 0:03:39]} Qe3+ {[%clk 0:10:28]}
85.Kh2 {[%clk 0:03:37]} Qd2+ {[%clk 0:10:36]} 86.Kg1 {[%clk 0:03:39]}
Qd4+ {[%clk 0:11:01]} 87.Kh2 {[%clk 0:01:58]} Ke6 {[%clk 0:11:07]}
88.Qe8+ {[%clk 0:01:50]} Kd5 {[%clk 0:10:58]} 89.Qd7+ {[%clk 0:02:07]}
Ke4 {[%clk 0:08:52]} 90.Qe6+ {[%clk 0:01:54]} Qe5 {[%clk 0:09:10]}
91.Qc4+ {[%clk 0:01:46]} Ke3 {[%clk 0:09:35]} 92.Qc2 {[%clk 0:01:09]}
Qd5 {[%clk 0:03:53]} 93.Qc3+ {[%clk 0:01:10]} Qd3 {[%clk 0:03:53]}
94.Qe5+ {[%clk 0:01:27]} Kd2 {[%clk 0:03:46]} 95.Qb2+ {[%clk 0:00:47]}
Ke1 {[%clk 0:04:11]} 96.Qe5+ {[%clk 0:01:11]} Qe2+ {[%clk 0:04:34]} 0-1

[Event "Team men PL"]
[Site "Sochi"]
[Date "2020.11.23"]
[Round "5.16"]
[White "Antipov, Mikhail Al."]
[Black "Zvjaginsev, Vadim"]
[Result "1/2-1/2"]
[BlackElo "2602"]
[WhiteElo "2607"]
[LiveChessVersion "1.4.8"]

1.e4 {[%clk 1:30:56]} c5 {[%clk 1:30:41]} 2.Nf3 {[%clk 1:31:19]}
e6 {[%clk 1:31:04]} 3.d4 {[%clk 1:31:45]} cxd4 {[%clk 1:31:28]}
4.Nxd4 {[%clk 1:32:11]} a6 {[%clk 1:31:52]} 5.c4 {[%clk 1:31:51]}
Nf6 {[%clk 1:32:06]} 6.Nc3 {[%clk 1:31:53]} Qc7 {[%clk 1:32:26]}
7.a3 {[%clk 1:32:16]} b6 {[%clk 1:30:00]} 8.Be3 {[%clk 1:32:40]}
Bb7 {[%clk 1:29:46]} 9.f3 {[%clk 1:33:04]} Nc6 {[%clk 1:27:10]}
10.Rc1 {[%clk 1:26:49]} Bc5 {[%clk 1:25:11]} 11.Na4 {[%clk 1:13:19]}
Nxd4 {[%clk 1:16:53]} 12.Bxd4 {[%clk 1:12:00]} Bxd4 {[%clk 1:14:41]}
13.Qxd4 {[%clk 1:12:28]} b5 {[%clk 1:14:53]} 14.Nb6 {[%clk 1:06:28]}
Rb8 {[%clk 1:13:53]} 15.e5 {[%clk 0:31:41]} Nd5 {[%clk 1:12:16]}
16.Nxd5 {[%clk 0:32:05]} Bxd5 {[%clk 1:12:19]} 17.Kd2 {[%clk 0:25:04]}
Rc8 {[%clk 1:07:11]} 18.c5 {[%clk 0:24:50]} f6 {[%clk 0:50:07]}
19.Bd3 {[%clk 0:14:45]} fxe5 {[%clk 0:46:44]} 20.Qh4 {[%clk 0:15:12]}
e4 {[%clk 0:38:22]} 21.fxe4 {[%clk 0:15:18]} Bc4 {[%clk 0:38:47]}
22.Rhf1 {[%clk 0:12:06]} Qe5 {[%clk 0:35:52]} 23.b4 {[%clk 0:07:51]}
Qb2+ {[%clk 0:33:49]} 24.Rc2 {[%clk 0:08:20]} Qxa3 {[%clk 0:33:57]}
25.Bxc4 {[%clk 0:08:26]} bxc4 {[%clk 0:33:24]} 26.Rxc4 {[%clk 0:05:10]}
Qb2+ {[%clk 0:33:15]} 27.Kd3 {[%clk 0:05:29]} a5 {[%clk 0:25:37]}
28.Rd4 {[%clk 0:03:11]} axb4 {[%clk 0:20:05]} 29.Qh5+ {[%clk 0:03:33]}
g6 {[%clk 0:20:19]} 30.Qe5 {[%clk 0:03:56]} Qc3+ {[%clk 0:19:11]}
31.Ke2 {[%clk 0:04:25]} Qb2+ {[%clk 0:19:27]} 32.Ke3 {[%clk 0:04:01]}
Qc3+ {[%clk 0:19:41]} 33.Ke2 {[%clk 0:04:24]} Qb2+ {[%clk 0:20:00]}
34.Ke3 {[%clk 0:04:31]} Qc3+ {[%clk 0:20:18]} 35.Ke2 {[%clk 0:04:57]}
Qb2+ {[%clk 0:20:36]} 36.Ke3 {[%clk 0:05:08]} Qc3+ {[%clk 0:20:58]}
37.Ke2 {[%clk 0:05:19]} Qb2+ {[%clk 0:21:22]} 38.Ke3 {[%clk 0:05:46]}
Qc3+ {[%clk 0:21:46]} 39.Ke2 {[%clk 0:06:13]} Qb2+ {[%clk 0:22:11]}
40.Ke3 {[%clk 0:36:41]} Qc3+ 1/2-1/2

[Event "Team men PL"]
[Site "Sochi"]
[Date "2020.11.23"]
[Round "5.17"]
[White "Potkin, Vladimir"]
[Black "Yuffa, Daniil"]
[Result "1/2-1/2"]
[BlackElo "2565"]
[WhiteElo "2583"]
[LiveChessVersion "1.4.8"]

1.d4 {[%clk 1:30:53]} Nf6 {[%clk 1:30:32]} 2.c4 {[%clk 1:30:57]}
g6 {[%clk 1:30:27]} 3.Nc3 {[%clk 1:30:47]} Bg7 {[%clk 1:30:46]}
4.e4 {[%clk 1:30:49]} d6 {[%clk 1:31:04]} 5.f4 {[%clk 1:27:11]}
O-O {[%clk 1:30:26]} 6.Nf3 {[%clk 1:26:31]} c5 {[%clk 1:29:07]}
7.d5 {[%clk 1:25:07]} e6 {[%clk 1:29:27]} 8.Be2 {[%clk 1:24:07]}
exd5 {[%clk 1:29:14]} 9.cxd5 {[%clk 1:24:15]} Re8 {[%clk 1:28:41]}
10.e5 {[%clk 1:23:40]} dxe5 {[%clk 1:26:56]} 11.fxe5 {[%clk 1:23:23]}
Ng4 {[%clk 1:26:21]} 12.e6 {[%clk 1:21:21]} fxe6 {[%clk 1:26:12]}
13.d6 {[%clk 1:21:02]} Rf8 {[%clk 1:24:54]} 14.O-O {[%clk 1:19:07]}
Nc6 {[%clk 1:23:01]} 15.Bg5 {[%clk 1:14:20]} Bd4+ {[%clk 1:15:47]}
16.Nxd4 {[%clk 1:12:10]} Qxg5 {[%clk 1:15:27]} 17.Rxf8+ {[%clk 1:10:25]}
Kxf8 {[%clk 1:15:53]} 18.Qf1+ {[%clk 1:08:55]} Kg7 {[%clk 1:15:55]}
19.Nxc6 {[%clk 1:08:38]} Qe3+ {[%clk 1:16:13]} 20.Kh1 {[%clk 1:09:00]}
Nf2+ {[%clk 1:16:36]} 21.Kg1 {[%clk 1:09:26]} Nh3+ {[%clk 1:16:51]}
22.Kh1 {[%clk 1:09:49]} Nf2+ {[%clk 1:17:11]} 23.Kg1 {[%clk 1:10:14]}
Nh3+ {[%clk 1:17:35]} 24.Kh1 {[%clk 1:10:39]} 1/2-1/2

[Event "Team men PL"]
[Site "Sochi"]
[Date "2020.11.23"]
[Round "5.18"]
[White "Kryakvin, Dmitry"]
[Black "Kornev, Alexei"]
[Result "1-0"]
[BlackElo "2515"]
[WhiteElo "2577"]
[LiveChessVersion "1.4.8"]

1.c4 {[%clk 1:30:25]} e6 {[%clk 1:30:19]} 2.Nc3 {[%clk 1:30:15]}
d5 {[%clk 1:30:22]} 3.d4 {[%clk 1:30:24]} Nf6 {[%clk 1:30:47]}
4.Bg5 {[%clk 1:29:02]} Be7 {[%clk 1:31:00]} 5.Nf3 {[%clk 1:27:51]}
O-O {[%clk 1:31:18]} 6.Qc2 {[%clk 1:26:57]} h6 {[%clk 1:27:29]}
7.Bh4 {[%clk 1:26:48]} Nbd7 {[%clk 1:21:47]} 8.e3 {[%clk 1:26:13]}
c5 {[%clk 1:21:27]} 9.dxc5 {[%clk 1:20:59]} Nxc5 {[%clk 1:20:45]}
10.Rd1 {[%clk 1:13:41]} Qa5 {[%clk 1:07:31]} 11.Nd2 {[%clk 1:08:31]}
Rd8 {[%clk 0:49:51]} 12.a3 {[%clk 0:59:51]} g5 {[%clk 0:46:20]}
13.Bg3 {[%clk 0:56:57]} Nce4 {[%clk 0:40:12]} 14.Nb3 {[%clk 0:50:09]}
Qb6 {[%clk 0:38:47]} 15.Be5 {[%clk 0:40:50]} Bd7 {[%clk 0:34:13]}
16.Bd4 {[%clk 0:28:29]} Qc7 {[%clk 0:33:19]} 17.Bd3 {[%clk 0:26:58]}
e5 {[%clk 0:24:54]} 18.Nxd5 {[%clk 0:25:05]} Nxd5 {[%clk 0:24:39]}
19.cxd5 {[%clk 0:25:32]} Qxc2 {[%clk 0:24:10]} 20.Bxc2 {[%clk 0:25:53]}
exd4 {[%clk 0:22:29]} 21.Bxe4 {[%clk 0:26:11]} dxe3 {[%clk 0:18:25]}
22.fxe3 {[%clk 0:25:40]} Ba4 {[%clk 0:14:36]} 23.Rd3 {[%clk 0:26:00]}
Rac8 {[%clk 0:14:34]} 24.Kd2 {[%clk 0:23:27]} Bf6 {[%clk 0:09:42]}
25.Nd4 {[%clk 0:22:17]} Bd7 {[%clk 0:08:07]} 26.Rf1 {[%clk 0:19:48]}
Be5 {[%clk 0:08:05]} 27.h3 {[%clk 0:19:58]} Rc5 {[%clk 0:06:29]}
28.Rc1 {[%clk 0:18:11]} Rxc1 {[%clk 0:05:36]} 29.Kxc1 {[%clk 0:18:27]}
Kf8 {[%clk 0:05:49]} 30.g4 {[%clk 0:14:44]} h5 {[%clk 0:05:55]}
31.gxh5 {[%clk 0:08:39]} Bxh3 {[%clk 0:05:41]} 32.h6 {[%clk 0:05:48]}
Ke7 {[%clk 0:04:23]} 33.h7 {[%clk 0:04:45]} g4 {[%clk 0:03:17]}
34.d6+ {[%clk 0:04:04]} Kf6 {[%clk 0:02:53]} 35.Bxb7 {[%clk 0:03:05]}
g3 {[%clk 0:01:33]} 36.Nc6 {[%clk 0:02:40]} g2 {[%clk 0:01:12]}
37.Rd1 {[%clk 0:03:07]} Rh8 {[%clk 0:01:20]} 38.Nxe5 {[%clk 0:03:11]}
Kxe5 {[%clk 0:01:23]} 39.Bxg2 {[%clk 0:00:39]} Bxg2 {[%clk 0:00:36]}
40.d7 {[%clk 0:31:04]} Bd5 {[%clk 0:30:42]} 41.Rg1 {[%clk 0:29:46]} 1-0

[Event "Team men PL"]
[Site "Sochi"]
[Date "2020.11.23"]
[Round "5.19"]
[White "Triapishko, Alexandr"]
[Black "Demchenko, Anton"]
[Result "0-1"]
[BlackElo "2626"]
[WhiteElo "2506"]
[LiveChessVersion "1.4.8"]

1.Nf3 {[%clk 1:30:54]} Nf6 {[%clk 1:30:50]} 2.g3 {[%clk 1:30:22]}
g6 {[%clk 1:31:11]} 3.Bg2 {[%clk 1:30:29]} Bg7 {[%clk 1:31:35]}
4.O-O {[%clk 1:30:34]} O-O {[%clk 1:32:00]} 5.c4 {[%clk 1:30:43]}
d6 {[%clk 1:31:23]} 6.Nc3 {[%clk 1:29:44]} e5 {[%clk 1:31:35]}
7.d3 {[%clk 1:27:03]} a5 {[%clk 1:31:53]} 8.Rb1 {[%clk 1:21:30]}
c6 {[%clk 1:30:50]} 9.a3 {[%clk 1:02:19]} h6 {[%clk 1:30:24]}
10.b4 {[%clk 0:56:11]} axb4 {[%clk 1:30:40]} 11.axb4 {[%clk 0:56:28]}
Be6 {[%clk 1:30:55]} 12.b5 {[%clk 0:50:02]} Nbd7 {[%clk 1:31:09]}
13.Nd2 {[%clk 0:47:43]} Qc7 {[%clk 1:30:55]} 14.Qb3 {[%clk 0:28:53]}
Nc5 {[%clk 1:28:59]} 15.Qb4 {[%clk 0:24:42]} Rfb8 {[%clk 1:25:05]}
16.Nde4 {[%clk 0:10:34]} Nfxe4 {[%clk 1:24:37]} 17.Nxe4 {[%clk 0:10:54]}
Nxe4 {[%clk 1:21:53]} 18.Bxe4 {[%clk 0:11:14]} d5 {[%clk 1:21:45]}
19.cxd5 {[%clk 0:09:00]} cxd5 {[%clk 1:22:05]} 20.Bg2 {[%clk 0:08:36]}
Ra2 {[%clk 1:19:51]} 21.Bb2 {[%clk 0:03:36]} Rba8 {[%clk 0:59:33]}
22.Rfc1 {[%clk 0:01:43]} Qb6 {[%clk 0:55:04]} 23.h4 {[%clk 0:01:50]}
R8a5 {[%clk 0:33:07]} 24.Qb3 {[%clk 0:01:36]} Qxb5 {[%clk 0:28:35]}
25.Qxb5 {[%clk 0:00:37]} Rxb5 {[%clk 0:29:04]} 26.Bc3 {[%clk 0:00:53]}
Rxb1 {[%clk 0:23:16]} 27.Rxb1 {[%clk 0:01:21]} Rxe2 {[%clk 0:22:09]}
28.Rxb7 {[%clk 0:01:03]} Rc2 {[%clk 0:22:34]} 29.Ba5 {[%clk 0:00:31]}
Rc1+ {[%clk 0:19:35]} 30.Kh2 {[%clk 0:00:59]} Rd1 {[%clk 0:19:47]}
31.Bh3 {[%clk 0:00:34]} Bxh3 {[%clk 0:18:15]} 32.Rb8+ {[%clk 0:00:51]}
Kh7 {[%clk 0:18:39]} 33.Kxh3 {[%clk 0:01:19]} Rxd3 {[%clk 0:18:55]}
34.Rb7 {[%clk 0:00:56]} Ra3 {[%clk 0:12:23]} 35.Be1 {[%clk 0:00:33]}
Rf3 {[%clk 0:06:05]} 36.Kg2 {[%clk 0:00:35]} Rf6 {[%clk 0:04:27]}
37.Rd7 {[%clk 0:00:34]} d4 {[%clk 0:04:52]} 38.f3 {[%clk 0:00:33]}
Bf8 {[%clk 0:04:14]} 39.g4 {[%clk 0:00:32]} Kg7 {[%clk 0:03:57]}
40.Bg3 {[%clk 0:30:41]} Re6 {[%clk 0:33:44]} 41.f4 {[%clk 0:07:02]}
Rd6 {[%clk 0:13:23]} 42.Rxd6 {[%clk 0:05:57]} Bxd6 {[%clk 0:13:51]}
43.fxe5 {[%clk 0:06:22]} d3 {[%clk 0:08:30]} 44.Kf3 {[%clk 0:04:05]}
Bc5 {[%clk 0:08:59]} 45.h5 {[%clk 0:00:59]} d2 {[%clk 0:09:18]}
46.Ke2 {[%clk 0:01:26]} Be3 {[%clk 0:09:41]} 47.hxg6 {[%clk 0:00:39]}
fxg6 {[%clk 0:05:16]} 48.Bh4 {[%clk 0:01:01]} Kf7 {[%clk 0:05:36]}
49.Bd8 {[%clk 0:00:32]} Ke6 {[%clk 0:05:46]} 50.Bf6 {[%clk 0:00:50]}
Bf4 {[%clk 0:05:39]} 51.Bg7 {[%clk 0:00:32]} Bg5 {[%clk 0:05:46]}
52.Kd1 {[%clk 0:00:31]} h5 {[%clk 0:05:03]} 53.gxh5 {[%clk 0:00:49]}
gxh5 {[%clk 0:05:32]} 54.Bf8 {[%clk 0:00:45]} h4 {[%clk 0:04:12]}
55.Bc5 {[%clk 0:01:08]} h3 {[%clk 0:04:37]} 56.Bg1 {[%clk 0:01:35]}
Kxe5 {[%clk 0:05:00]} 57.Bh2+ {[%clk 0:01:16]} Bf4 {[%clk 0:05:03]}
58.Bg1 {[%clk 0:01:42]} Ke4 {[%clk 0:05:24]} 59.Ke2 {[%clk 0:02:08]}
Kf5 {[%clk 0:05:09]} 60.Kd1 {[%clk 0:02:21]} Ke6 0-1

[Event "Team men PL"]
[Site "Sochi"]
[Date "2020.11.23"]
[Round "5.20"]
[White "Alekseev, Evgeny"]
[Black "Kardashevskiy, Evgeny"]
[Result "1-0"]
[BlackElo "2436"]
[WhiteElo "2615"]
[LiveChessVersion "1.4.8"]

1.e4 {[%clk 1:30:54]} c5 {[%clk 1:30:43]} 2.Nf3 {[%clk 1:30:57]}
Nc6 {[%clk 1:30:54]} 3.Bb5 {[%clk 1:28:50]} g6 {[%clk 1:30:54]}
4.c3 {[%clk 1:15:07]} Nf6 {[%clk 1:30:10]} 5.d3 {[%clk 1:12:22]}
Bg7 {[%clk 1:28:27]} 6.O-O {[%clk 1:12:35]} O-O {[%clk 1:27:54]}
7.Re1 {[%clk 1:06:40]} d6 {[%clk 1:19:33]} 8.h3 {[%clk 1:03:16]}
Qc7 {[%clk 1:08:49]} 9.Bf4 {[%clk 0:47:25]} a6 {[%clk 1:05:36]}
10.Ba4 {[%clk 0:44:57]} b5 {[%clk 1:04:45]} 11.Bb3 {[%clk 0:45:19]}
Bb7 {[%clk 1:00:48]} 12.Nbd2 {[%clk 0:44:32]} Nd7 {[%clk 0:56:23]}
13.Rc1 {[%clk 0:38:56]} Qb6 {[%clk 0:50:11]} 14.Be3 {[%clk 0:36:22]}
Rac8 {[%clk 0:46:42]} 15.a3 {[%clk 0:34:22]} e6 {[%clk 0:42:28]}
16.Ba2 {[%clk 0:32:23]} Qd8 {[%clk 0:37:24]} 17.Nf1 {[%clk 0:27:23]}
Nb6 {[%clk 0:35:40]} 18.Qd2 {[%clk 0:25:47]} Re8 {[%clk 0:33:41]}
19.N1h2 {[%clk 0:23:09]} Ne5 {[%clk 0:29:58]} 20.Bg5 {[%clk 0:20:08]}
Nxf3+ {[%clk 0:27:07]} 21.Nxf3 {[%clk 0:20:36]} Qd7 {[%clk 0:26:30]}
22.Nh2 {[%clk 0:17:45]} f6 {[%clk 0:24:29]} 23.Bh6 {[%clk 0:17:38]}
Bh8 {[%clk 0:19:05]} 24.Ng4 {[%clk 0:15:26]} c4 {[%clk 0:17:52]}
25.Rcd1 {[%clk 0:11:33]} Red8 {[%clk 0:13:55]} 26.f4 {[%clk 0:07:51]}
f5 {[%clk 0:11:21]} 27.Nf2 {[%clk 0:07:26]} Qc6 {[%clk 0:10:43]}
28.Bg5 {[%clk 0:06:22]} Rd7 {[%clk 0:10:37]} 29.d4 {[%clk 0:05:32]}
Bg7 {[%clk 0:10:31]} 30.Bb1 {[%clk 0:05:11]} Rf8 {[%clk 0:10:16]}
31.Nh1 {[%clk 0:04:49]} Rdf7 {[%clk 0:04:34]} 32.Ng3 {[%clk 0:02:16]}
Re8 {[%clk 0:04:16]} 33.d5 {[%clk 0:01:50]} exd5 {[%clk 0:02:00]}
34.exf5 {[%clk 0:02:13]} Rxe1+ {[%clk 0:01:57]} 35.Rxe1 {[%clk 0:02:32]}
d4 {[%clk 0:01:23]} 36.fxg6 {[%clk 0:02:28]} hxg6 {[%clk 0:01:19]}
37.Bxg6 {[%clk 0:02:46]} Rf8 {[%clk 0:01:45]} 38.Be4 {[%clk 0:01:05]}
dxc3 {[%clk 0:01:58]} 39.bxc3 {[%clk 0:01:19]} d5 {[%clk 0:01:30]}
40.Bb1 {[%clk 0:30:36]} d4 {[%clk 0:30:33]} 41.Nf5 {[%clk 0:27:53]}
dxc3 {[%clk 0:17:15]} 42.Ne7+ {[%clk 0:27:49]} Kf7 {[%clk 0:15:06]}
43.Qf2 {[%clk 0:19:49]} Qxg2+ {[%clk 0:12:53]} 44.Qxg2 {[%clk 0:20:13]}
Bd4+ {[%clk 0:13:13]} 45.Qf2 {[%clk 0:16:19]} Bxf2+ {[%clk 0:13:31]}
46.Kxf2 {[%clk 0:16:47]} a5 {[%clk 0:09:14]} 47.Nf5 {[%clk 0:15:30]}
Nc8 {[%clk 0:09:13]} 48.Nh6+ {[%clk 0:14:07]} Kg7 {[%clk 0:09:34]}
49.Re6 {[%clk 0:14:22]} b4 {[%clk 0:08:28]} 50.Rg6+ {[%clk 0:14:19]}
Kh8 {[%clk 0:08:35]} 51.Bf6+ {[%clk 0:14:32]} Rxf6 {[%clk 0:08:52]}
52.Rg8# {[%clk 0:14:57]} 1-0

[Event "Team men PL"]
[Site "Sochi"]
[Date "2020.11.23"]
[Round "5.21"]
[White "Musalov, Ruslan"]
[Black "Kokarev, Dmitry"]
[Result "0-1"]
[BlackElo "2621"]
[WhiteElo "2348"]
[LiveChessVersion "1.4.8"]

1.e4 {[%clk 1:28:52]} c5 {[%clk 1:30:48]} 2.c3 {[%clk 1:28:50]}
d5 {[%clk 1:30:21]} 3.exd5 {[%clk 1:29:06]} Qxd5 {[%clk 1:30:43]}
4.d4 {[%clk 1:29:24]} Nc6 {[%clk 1:31:01]} 5.Nf3 {[%clk 1:29:15]}
Nf6 {[%clk 1:31:23]} 6.Be2 {[%clk 1:29:01]} e6 {[%clk 1:31:34]}
7.Na3 {[%clk 1:27:36]} Qd8 {[%clk 1:31:43]} 8.O-O {[%clk 1:25:54]}
cxd4 {[%clk 1:11:35]} 9.Nb5 {[%clk 1:25:13]} dxc3 {[%clk 1:06:05]}
10.Qxd8+ {[%clk 1:20:56]} Kxd8 {[%clk 1:06:28]} 11.Rd1+ {[%clk 1:21:10]}
Bd7 {[%clk 0:57:33]} 12.Ng5 {[%clk 0:58:42]} Ke7 {[%clk 0:57:52]}
13.bxc3 {[%clk 0:58:31]} h6 {[%clk 0:58:16]} 14.Ba3+ {[%clk 0:50:06]}
Ke8 {[%clk 0:58:31]} 15.Nc7+ {[%clk 0:50:24]} Kd8 {[%clk 0:58:54]}
16.Ngxe6+ {[%clk 0:50:34]} fxe6 {[%clk 0:58:38]} 17.Nxe6+ {[%clk 0:48:41]}
Ke8 {[%clk 0:58:19]} 18.Nxf8 {[%clk 0:28:27]} Rxf8 {[%clk 0:57:59]}
19.Re1 {[%clk 0:28:05]} Rh8 {[%clk 0:48:22]} 20.Ba6+ {[%clk 0:21:52]}
Kf7 {[%clk 0:44:18]} 21.Bxb7 {[%clk 0:22:10]} Rab8 {[%clk 0:39:12]}
22.Ba6 {[%clk 0:16:38]} Rhe8 {[%clk 0:38:01]} 23.Red1 {[%clk 0:12:09]}
Be6 {[%clk 0:37:29]} 24.f3 {[%clk 0:12:06]} Nd5 {[%clk 0:29:53]}
25.Rdc1 {[%clk 0:07:17]} Red8 {[%clk 0:26:24]} 26.Bc5 {[%clk 0:04:37]}
Rb2 {[%clk 0:25:33]} 27.Rd1 {[%clk 0:01:57]} Nf4 {[%clk 0:24:38]}
28.Rxd8 {[%clk 0:01:49]} Nxd8 {[%clk 0:24:17]} 29.Bf1 {[%clk 0:02:06]}
Nc6 {[%clk 0:23:45]} 30.a4 {[%clk 0:00:50]} Ne2+ {[%clk 0:19:19]}
31.Bxe2 {[%clk 0:01:10]} Rxe2 {[%clk 0:19:42]} 32.Rd1 {[%clk 0:01:36]}
Re5 {[%clk 0:19:05]} 33.Bb4 {[%clk 0:01:24]} a5 {[%clk 0:19:04]}
34.Ba3 {[%clk 0:01:32]} Re3 {[%clk 0:19:02]} 35.Bb2 {[%clk 0:01:56]}
Ne5 {[%clk 0:17:34]} 36.Kf2 {[%clk 0:01:01]} Rd3 {[%clk 0:17:45]} 0-1

[Event "Team men PL"]
[Site "Sochi"]
[Date "2020.11.23"]
[Round "5.22"]
[White "Makarian, Rudik"]
[Black "Truskavetsky, Alexandr"]
[Result "1-0"]
[BlackElo "2399"]
[WhiteElo "2441"]
[LiveChessVersion "1.4.8"]

1.d4 {[%clk 1:30:58]} d5 {[%clk 1:30:33]} 2.c4 {[%clk 1:31:25]}
e6 {[%clk 1:30:51]} 3.Nf3 {[%clk 1:31:49]} Nf6 {[%clk 1:30:07]}
4.Nc3 {[%clk 1:32:11]} a6 {[%clk 1:30:23]} 5.cxd5 {[%clk 1:22:32]}
exd5 {[%clk 1:30:39]} 6.Bg5 {[%clk 1:21:48]} Be6 {[%clk 1:21:57]}
7.Qb3 {[%clk 1:21:49]} b5 {[%clk 1:04:22]} 8.Bxf6 {[%clk 1:16:08]}
Qxf6 {[%clk 0:58:53]} 9.a4 {[%clk 1:16:24]} b4 {[%clk 0:57:30]}
10.Nxd5 {[%clk 1:16:46]} Qd8 {[%clk 0:57:54]} 11.e4 {[%clk 1:17:14]}
c6 {[%clk 0:56:29]} 12.Qe3 {[%clk 1:17:28]} cxd5 {[%clk 0:49:55]}
13.exd5 {[%clk 1:17:51]} Qxd5 {[%clk 0:50:13]} 14.Bd3 {[%clk 1:16:33]}
Ra7 {[%clk 0:45:55]} 15.Rc1 {[%clk 1:15:36]} Be7 {[%clk 0:34:43]}
16.Be4 {[%clk 1:11:41]} Qd8 {[%clk 0:15:37]} 17.d5 {[%clk 1:08:57]}
Rc7 {[%clk 0:08:18]} 18.dxe6 {[%clk 1:06:01]} Rxc1+ {[%clk 0:08:19]}
19.Qxc1 {[%clk 1:06:26]} fxe6 {[%clk 0:08:26]} 20.O-O {[%clk 0:54:54]}
O-O {[%clk 0:08:51]} 21.Qc2 {[%clk 0:50:01]} Bf6 {[%clk 0:07:59]}
22.Bxh7+ {[%clk 0:50:04]} Kf7 {[%clk 0:08:24]} 23.Rd1 {[%clk 0:50:09]}
Qb6 {[%clk 0:08:42]} 24.g4 {[%clk 0:48:35]} b3 {[%clk 0:04:44]}
25.Qe4 {[%clk 0:46:04]} Ke7 {[%clk 0:04:38]} 26.a5 {[%clk 0:44:13]}
Qc6 {[%clk 0:02:15]} 27.g5 {[%clk 0:42:48]} Bxb2 {[%clk 0:00:36]}
28.Qb4+ {[%clk 0:43:13]} 1-0